Gravity falls (Record no. 13810)

000 -LEADER
fixed length control field 00846cam a22002417i 4500
020 ## - ISBN
ISBN 9781484746684
050 00 - LIBRARY OF CONGRESS CALL NUMBER
Classification number MLCS 2017/44662 (P)
082 ## - DEWEY DECIMAL CLASSIFICATION NUMBER
Edition number Fic. R8781g 2016
100 1# - MAIN ENTRY--PERSONAL NAME
Personal name Rowe, Jeffrey,
245 10 - TITLE STATEMENT
Title Gravity falls
Remainder of title Dipper and Mabel and the curse of the time pirates' treasure! /
Statement of responsibility, etc. written by Jeffrey Rowe ; additional story by Alex Hirsch ; art by Emmy Cicierega.
250 ## - EDITION STATEMENT
Edition statement 1st edition.
250 ## - EDITION STATEMENT
Edition statement First hardcover edition.
260 ## - PUBLICATION, DISTRIBUTION, ETC. (IMPRINT)
Place of publication, distribution, etc. California
Name of publisher, distributor, etc. Disney Press
Date of publication, distribution, etc. c2016
300 ## - PHYSICAL DESCRIPTION
Extent/Page number 283 pages :
Other physical details color illustrations ;
Dimensions 22 cm +
337 ## - MEDIA TYPE
Media type term unmediated
Media type code n
526 ## - STUDY PROGRAM INFORMATION NOTE
PROGRAM TYPE FICTION
650 ## - SUBJECT ADDED ENTRY--TOPICAL TERM
Topical term or geographic name as entry element Brothers and sisters -- Juvenile fiction
650 ## - SUBJECT ADDED ENTRY--TOPICAL TERM
Topical term or geographic name as entry element Adventure and adventurers -- Juvenile fiction
650 ## - SUBJECT ADDED ENTRY--TOPICAL TERM
Topical term or geographic name as entry element Pirates -- Juvenile fiction
700 1# - ADDED ENTRY--PERSONAL NAME/OTHER AUTHORS
Personal name Hirsch, Alex,
700 1# - ADDED ENTRY--PERSONAL NAME/OTHER AUTHORS
Personal name Cicierega, Emmy,
942 ## - ADDED ENTRY ELEMENTS
Classification
Item type Book
Holdings
Withdrawn status Lost status Source of classification or shelving scheme Damaged status Not for loan Collection code Permanent Location Current Location Date acquired Source of acquisition Cost, normal purchase price Full call number Barcode Date last seen Cost, replacement price Price effective from Item type
          Fiction Grade School Library Grade School Library 2026-02-03 MIBF 727.00 Fic. R8781g 2016 GS5765 2026-02-20 1500.00 2026-02-03 Book